Wheres Mr Penguin? / (Record no. 48446)
| 000 -LEADER | |
|---|---|
| fixed length control field | 00351nam a2200121 4500 |
| 020 ## - INTERNATIONAL STANDARD BOOK NUMBER | |
| International Standard Book Number | 9781788002561 |
| 100 ## - MAIN ENTRY--PERSONAL NAME | |
| Personal name | Arrhenius, Ingela P., |
| Relator term | author. |
| 9 (RLIN) | 86073 |
| 245 ## - TITLE STATEMENT | |
| Title | Wheres Mr Penguin? / |
| Statement of responsibility, etc | by Ingela P. Arrhenius. |
| 260 ## - PUBLICATION, DISTRIBUTION, ETC. (IMPRINT) | |
| Place of publication, distribution, etc | London : |
| Name of publisher, distributor, etc | Nosy Crow, |
| Date of publication, distribution, etc | 2018. |
| 300 ## - PHYSICAL DESCRIPTION | |
| Extent | 12 pages. |
| Dimensions | 7.32 x 0.59 x 7.32 inches. |
| 490 ## - SERIES STATEMENT | |
| Series statement | Felt Flaps |
| 942 ## - ADDED ENTRY ELEMENTS (KOHA) | |
| Source of classification or shelving scheme | |
| Koha item type | Board Book |
| Withdrawn status | Lost status | Source of classification or shelving scheme | Damaged status | Not for loan | Home library | Current library | Date acquired | Total Checkouts | Full call number | Barcode | Checked out | Date last seen | Date checked out | Price effective from | Koha item type |
|---|---|---|---|---|---|---|---|---|---|---|---|---|---|---|---|
| Logos International School | Logos International School | 02/13/2025 | 7 | BB ARR | 040386 | 04/03/2026 | 03/16/2026 | 03/16/2026 | 02/13/2025 | Board Book |